| 000 | 01467cam a2200265 4500 | ||
|---|---|---|---|
| 001 | ABS68194 | ||
| 008 | 041001n2004 000 0 eng u | ||
| 035 | _a(Sirsi) u127607 | ||
| 100 | _aLeftly, M. | ||
| 245 | _aThree years of fear | ||
| 260 | _c2004 | ||
| 490 |
_aBuilding _v269(8348) 10 September 2004, 44-49 (6) |
||
| 520 | _aLooks at the lessons learnt from the September 2001 terrorist attacks for the design of tall buildings around the world. Points out that there were many questions surrounding the collapse of the twin towers in New York especially concerning their design that led to their dramatic collapse. Discusses the new Barclays' 33 storey headquarters in Canary Wharf whose design was adapted to take on board the latest safety developments. Also notes that there has been a steady improvement in the last three years in the ability for buildings to withstand fires, and industry led reform has changed the way fire safety is approached. An increasingly important consideration is the effect on security and insurance for tall buildings against biological or chemical attacks by terrorists. | ||
| 590 | _aABS | ||
| 590 | _aABS | ||
| 650 | _aTERRORISM | ||
| 650 | _aSEPTEMBER 11 ATTACKS | ||
| 650 | _aBUILDING DESIGN | ||
| 650 |
_aBUILDING REGULATIONS _96224 |
||
| 650 | _aBUILDING STRUCTURES | ||
| 650 | _aTALL BUILDINGS | ||
| 690 | _aBUILDING AND CONSTRUCTION-DESIGN AND STRUCTURES | ||
| 700 | _aRichardson, S. | ||
| 942 | _n0 | ||
| 999 |
_c118110 _d118110 |
||